Technické zhodnotenie prenajatej nehnuteľnosti - účtovné a daňové súvislosti
V podnikateľskej praxi je bežným postupom, že k uskutočňovaniu podnikateľskej činnosti sú využívané nielen vlastné, ale aj prenajaté nehnuteľnosti. Sú využívané na obchodné, výrobné účely, na poskytovanie služieb, či na administratívne účely. Pokiaľ vlastník (prenajímateľ) prenajme svoje budovy, či...
Gespeichert in:
| 1. Verfasser: | |
|---|---|
| Format: | Buchkapitel |
| Sprache: | Slowakisch |
| Schlagworte: | |
| Tags: |
Keine Tags, Fügen Sie das erste Tag hinzu!
|
MARC
| LEADER | 00000naa a2200000 4500 | ||
|---|---|---|---|
| 001 | 0292152 | ||
| 005 | 20240417075234.0 | ||
| 041 | 0 | |a slo | |
| 044 | |a SK | ||
| 245 | 1 | 0 | |a Technické zhodnotenie prenajatej nehnuteľnosti - účtovné a daňové súvislosti |c Lucia Vanková |
| 520 | |a V podnikateľskej praxi je bežným postupom, že k uskutočňovaniu podnikateľskej činnosti sú využívané nielen vlastné, ale aj prenajaté nehnuteľnosti. Sú využívané na obchodné, výrobné účely, na poskytovanie služieb, či na administratívne účely. Pokiaľ vlastník (prenajímateľ) prenajme svoje budovy, či nebytové priestory nájomcovi na výkon podnikateľskej činnosti, často sa stáva, že nájomca potrebuje uskutočniť na prenajatom majetku také úpravy, ktoré prispôsobia túto nehnuteľnosť na výkon jeho podnikania. | ||
| 610 | 2 | 0 | |a podnikanie |
| 610 | 2 | 0 | |a prenájom |
| 610 | 2 | 0 | |a nehnuteľnosti |
| 610 | 2 | 0 | |a zhodnotenie majetku |
| 610 | 2 | 0 | |a účtovníctvo |
| 610 | 2 | 0 | |a dane z príjmov |
| 100 | 1 | |a Vanková, Lucia | |